000 00787nam a2200181 4500
001 415
005 20230411085956.0
008 060907n1994 dr spa
035 _9funglode417
041 _aFR
100 _aMoreau Defarges, Philippe
245 1 _aIntroduction à la géopolitique /
_cPhilippe Moreau Defarges
260 _aParís :
_bEditions du Seuil,
_c1994
300 _a230 p.;
_ctablas / 18 cm.
440 _aPoints essais ;
_v292
520 _aLa conscience géographique, 11. -- La géopolitique de la puissance maritime, 39. -- La géopolitique de la puissance continentale : L'Allemagne et la géopolitique, 73. -- Géographie, géopolitique et guerre, 103. -- Géopolitique, géo-économie, 155. -- La géopolitique en France, 185
942 _2lcc
_cbk
999 _c110333
_d110333